书目信息 |
| 题名: |
基本粒子相互作用的相对论性量子理论
|
|
| 作者: | P.T.马修斯 著 ;黄念宁 译 | |
| 分册: | ||
| 出版信息: | 北京 科学出版社 1962 |
|
| 页数: | 146页 | |
| 开本: | 20cm | |
| 丛书名: | ||
| 单 册: | ||
| 中图分类: | O572.2 | |
| 科图分类: | ||
| 主题词: | 核物理学 , 高能物理学 | |
| 电子资源: | ||
| ISBN: | ||
| 000 | 00697nam0 2200229 450 | |
| 001 | 0752937765 | |
| 005 | 20070930144517.07 | |
| 010 | @dCNY0.85 | |
| 100 | @a20070930d1962 km y0chiy0120 ea | |
| 101 | 0 | @achi |
| 102 | @aCN@b110000 | |
| 102 | @aCN@b110000 | |
| 200 | 1 | @a基本粒子相互作用的相对论性量子理论@Aji ben li zi xiang hu zuo yong de xiang dui lun xing liang zi li lun@fP.T.马修斯著@FP.T.ma xiu si zhu@g黄念宁译 |
| 210 | @a北京@c科学出版社@d1962 | |
| 215 | @a146页@d20cm | |
| 606 | 0 | @a核物理学 |
| 606 | 0 | @a高能物理学 |
| 690 | @aO572.2@v3 | |
| 701 | 0 | @aP.T.马修斯@AP.T.ma xiu si@4著 |
| 702 | 0 | @a黄念宁@Ahuang nian ning@4译 |
| 801 | 0 | @aCN@bPFT@c20070930 |
| 905 | @a10447@dO572.2@e25 | |
| 基本粒子相互作用的相对论性量子理论/P.T.马修斯著/黄念宁译.-北京:科学出版社,1962 |
| 146页;20cm |
| ISBN :CNY0.85 |
| ● |
| 相关链接 |
|
|
|
|
正题名:基本粒子相互作用的相对论性量子理论
索取号:O572.2/25
 
预约/预借
| 序号 | 登录号 | 条形码 | 馆藏地/架位号 | 状态 | 备注 |
| 1 | 626259 | 206262596 | 密集书库/ [索取号:O572.2/25] | 在馆 |